Using environmental indicators to promote environmentally, ecologically, and socially-sustainable resource use: a policy-oriented methodology (Record no. 61156)

MARC details
000 -LEADER
fixed length control field 00892nam a2200205 a 4500
008 - FIXED-LENGTH DATA ELEMENTS--GENERAL INFORMATION
fixed length control field 100212s1995 ||||||||||||||||| || u
050 ## - LIBRARY OF CONGRESS CALL NUMBER
Classification number EPAT(08)
100 ## - MAIN ENTRY--PERSONAL NAME
Personal name Young, Mike D
245 10 - TITLE STATEMENT
Title Using environmental indicators to promote environmentally, ecologically, and socially-sustainable resource use: a policy-oriented methodology
260 ## - PUBLICATION, DISTRIBUTION, ETC.
Place of publication, distribution, etc. Wisconsin:
Name of publisher, distributor, etc. EPAT/MUCIA
Date of publication, distribution, etc. 1995
300 ## - PHYSICAL DESCRIPTION
Extent 37p.: ill.
350 ## - PRICE (NR) (BK AM CF MU VM SE) [OBSOLETE]
Price 0.00
490 ## - SERIES STATEMENT
Series statement EPAT Manual
500 ## - GENERAL NOTE
General note including a blueprint for sustainable use of PNG's forests as an appendix
650 ## - SUBJECT ADDED ENTRY--TOPICAL TERM
Topical term or geographic name entry element ENVIRONMENT
650 ## - SUBJECT ADDED ENTRY--TOPICAL TERM
Topical term or geographic name entry element ENVIRONMENTAL ASPECTS
700 ## - ADDED ENTRY--PERSONAL NAME
Personal name Ryan, Sarah A
710 ## - ADDED ENTRY--CORPORATE NAME
Corporate name or jurisdiction name as entry element The Environmental and Natural Resources Policy and Training Project (EPAT)
995 ## - RECOMMENDATION 995 [LOCAL, UNIMARC FRANCE]
-- 0.00
-- CBU-MAIN LIBRARY (Kitwe)
-- 1
-- 0.00
-- 1
-- AVAILABLE
-- Feb 12, 2010
-- International Publications
Holdings
Withdrawn status Lost status Source of classification or shelving scheme Damaged status Not for loan Home library Current library Shelving location Date acquired Total Checkouts Full call number Barcode Date last seen Price effective from Koha item type
          CBU-MAIN LIBRARY, KITWE. CBU-MAIN LIBRARY, KITWE.   11/30/2022   EPAT(08) Z03005930 11/30/2022 11/30/2022 MONOGRAPH